000 01071nam a22003257a 4500
003 CHAP
005 20220817042733.0
008 971013s1980 r 00010 d
010 _a53967
011 _a54939
035 _a59091
040 _cCHAP
082 _a541.37
_bP6
100 0 0 _aPosadas, Dionisio.
_991043
245 _aIntroducción a la electroquímica
260 _aWashington :
_bO.E.A.,
_c1980
300 _a136 p.
_b: gráfs.
490 _aSerie química. Monografía
_v; 22
590 _aBATCH-UPD
_b10
_c20130110
_lUCH01
_h0713
590 _aBATCH-UPD
_b10
_c20130410
_lUCH01
_h0358
590 _aBATCH-UPD
_b10
_c20130914
_lUCH01
_h1256
590 _aCONVERSION
_b10
_c20130109
_lUCH01
_h1329
650 1 4 _aElectroquímica.
_936247
710 0 _aOrganización de los Estados Americanos.
830 0 _aSerie química. Monografía
_v; 22
_9105018
901 _aBK
942 _cLIBRO
949 _a541.37 P6
_bBC
_cLIBRO
_d33724000389185
_eLIBRO
_fc.2
_h82107
_i59091
_si
_t50.00
949 _a541.37 P6
_bBC
_cLIBRO
_d33724000389219
_eLIBRO
_h52047
_i59091
_si
_t50.00
999 _c53967
_d53967